| 000 | 00683cam a22002533a 4500 | ||
|---|---|---|---|
| 001 | 1906 | ||
| 003 | PGUSA | ||
| 005 | 20140828083008.0 | ||
| 008 | 990901s1999||||xxu|||||s|||||000 1 eng d | ||
| 040 |
_aPGUSA _beng |
||
| 042 | _adc | ||
| 050 | 4 | _aPR | |
| 100 | 1 |
_aButler, Samuel, _d1835-1902 |
|
| 245 | 1 | 0 |
_aErewhon; Or, Over the Range _h[electronic resource] / _cSamuel Butler |
| 260 |
_bProject Gutenberg, _c1999 |
||
| 506 | _aPublic domain in the USA. | ||
| 516 | _aElectronic text | ||
| 653 | _aUtopian fiction | ||
| 653 | _aSatire | ||
| 653 | _aUtopias -- Fiction | ||
| 830 | 0 |
_aProject Gutenberg _v1906 |
|
| 856 | 4 | 0 | _uhttp://www.gutenberg.org/ebooks/1906 |
| 942 | _cEB | ||
| 999 |
_c231249 _d231249 |
||